[Event "EUCC 2023 - U12"]
[Site "Kouty nad Desnou"]
[Date "2023.08.21"]
[Round "6.8"]
[White "Gailevska, Milana"]
[Black "Boryna, Szymon"]
[Result "0-1"]
[BlackElo "1428"]
[WhiteElo "1245"]
[LiveChessVersion "1.4.8"]

1. d4 {[%clk 1:30:43]} d5 {[%clk 1:30:52]} 2. Nf3 {[%clk 1:31:06]} Nf6
{[%clk 1:31:20]} 3. Bf4 {[%clk 1:31:24]} c5 {[%clk 1:31:44]} 4. c3
{[%clk 1:31:37]} e6 {[%clk 1:31:55]} 5. e3 {[%clk 1:31:57]} Nc6 {[%clk 1:32:13]}
6. Nbd2 {[%clk 1:32:18]} Be7 {[%clk 1:32:21]} 7. Be2 {[%clk 1:32:21]} O-O
{[%clk 1:30:08]} 8. O-O {[%clk 1:30:43]} a6 {[%clk 1:28:45]} 9. Ne5
{[%clk 1:28:56]} Nd7 {[%clk 1:24:32]} 10. Ndf3 {[%clk 1:27:00]} Ndxe5
{[%clk 1:21:55]} 11. Bxe5 {[%clk 1:26:10]} Nxe5 {[%clk 1:14:18]} 12. Nxe5
{[%clk 1:26:07]} f6 13. Nd3 {[%clk 1:24:36]} b6 {[%clk 1:08:10]} 14. Bf3
{[%clk 1:22:16]} Bb7 {[%clk 1:07:27]} 15. Nf4 {[%clk 1:21:57]} Qd6
{[%clk 1:03:40]} 16. dxc5 {[%clk 1:21:26]} bxc5 {[%clk 1:03:51]} 17. c4
{[%clk 1:21:29]} Rfd8 {[%clk 0:59:29]} 18. Qd2 {[%clk 1:19:42]} Bc6
{[%clk 0:51:43]} 19. Rfd1 {[%clk 1:19:24]} d4 {[%clk 0:50:44]} 20. Bxc6
{[%clk 1:18:38]} Qxc6 {[%clk 0:51:07]} 21. Qe1 {[%clk 1:15:21]} e5 22. Nd5
{[%clk 1:12:44]} Rxd5 {[%clk 0:37:20]} 23. cxd5 {[%clk 1:12:51]} Qxd5
{[%clk 0:37:48]} 24. exd4 {[%clk 1:11:00]} cxd4 {[%clk 0:38:13]} 25. a3
{[%clk 1:10:18]} Rd8 {[%clk 0:37:27]} 26. f3 {[%clk 1:09:46]} f5 {[%clk 0:35:12]}
27. Rd2 {[%clk 0:59:08]} e4 {[%clk 0:23:52]} 28. fxe4 {[%clk 0:59:17]} fxe4
{[%clk 0:24:14]} 29. Re2 {[%clk 0:56:03]} d3 {[%clk 0:21:07]} 30. Rd1
{[%clk 0:55:03]} Qc5+ {[%clk 0:17:41]} 31. Rf2 {[%clk 0:47:14]} e3
{[%clk 0:16:22]} 32. Rf3 {[%clk 0:45:42]} e2+ {[%clk 0:16:39]} 33. Kh1
{[%clk 0:45:52]} exd1=Q {[%clk 0:16:51]} 34. Qxd1 {[%clk 0:46:16]} d2
{[%clk 0:16:48]} 0-1

[Event "EUCC 2023 - U12"]
[Site "Kouty nad Desnou"]
[Date "2023.08.21"]
[Round "6.9"]
[White "Vancakova, Veronika"]
[Black "Alcantara, Levanah"]
[Result "0-1"]
[BlackElo "1527"]
[WhiteElo "1576"]
[LiveChessVersion "1.4.8"]

1. d4 {[%clk 1:30:58]} d5 {[%clk 1:30:50]} 2. c4 {[%clk 1:31:25]} e6
{[%clk 1:31:10]} 3. Nc3 {[%clk 1:31:50]} Be7 {[%clk 1:31:31]} 4. Nf3
{[%clk 1:32:09]} c6 {[%clk 1:31:14]} 5. cxd5 {[%clk 1:31:30]} exd5
{[%clk 1:31:17]} 6. Qc2 {[%clk 1:29:46]} Nf6 {[%clk 1:28:57]} 7. Bg5
{[%clk 1:30:07]} O-O {[%clk 1:28:12]} 8. e3 {[%clk 1:30:30]} Re8 {[%clk 1:26:32]}
9. Bd3 {[%clk 1:30:47]} h6 {[%clk 1:26:50]} 10. Bh4 {[%clk 1:31:04]} Nbd7
{[%clk 1:25:57]} 11. O-O {[%clk 1:30:36]} Nf8 {[%clk 1:24:22]} 12. h3
{[%clk 1:30:39]} Qc7 {[%clk 1:23:41]} 13. Bxf6 {[%clk 1:29:38]} Bxf6
{[%clk 1:22:46]} 14. Nxd5 {[%clk 1:29:42]} Qd6 {[%clk 1:22:24]} 15. Nxf6+
{[%clk 1:29:47]} Qxf6 {[%clk 1:22:42]} 16. Rac1 {[%clk 1:21:15]} Bxh3
{[%clk 1:21:43]} 17. Ne5 {[%clk 1:07:29]} Be6 {[%clk 1:18:12]} 18. f4
{[%clk 1:05:46]} Qe7 {[%clk 1:10:53]} 19. a3 {[%clk 1:03:18]} a5 {[%clk 0:58:48]}
20. f5 {[%clk 0:58:00]} f6 {[%clk 0:43:09]} 21. Nxc6 {[%clk 0:43:50]} bxc6
{[%clk 0:39:49]} 22. fxe6 {[%clk 0:42:14]} Rec8 {[%clk 0:34:44]} 23. Rf4
{[%clk 0:14:29]} Kh8 {[%clk 0:25:43]} 24. Re4 {[%clk 0:11:52]} Rab8
{[%clk 0:15:28]} 25. Ba6 {[%clk 0:07:58]} Rc7 {[%clk 0:14:57]} 26. d5
{[%clk 0:04:00]} Rb6 {[%clk 0:13:35]} 27. Qc5 {[%clk 0:00:51]} Qxc5
{[%clk 0:06:21]} 28. Rxc5 {[%clk 0:01:16]} Re7 {[%clk 0:04:34]} 29. d6
{[%clk 0:00:43]} Rxe6 {[%clk 0:03:56]} 30. d7 {[%clk 0:00:34]} Nxd7
{[%clk 0:03:52]} 31. Rxe6 {[%clk 0:00:49]} Nxc5 {[%clk 0:04:18]} 32. Re8+
{[%clk 0:00:56]} Kh7 {[%clk 0:04:46]} 33. b4 {[%clk 0:00:40]} Nxa6
{[%clk 0:04:52]} 34. bxa5 {[%clk 0:00:58]} Rb5 {[%clk 0:05:00]} 35. Rc8
{[%clk 0:01:04]} c5 {[%clk 0:05:12]} 36. Kf2 {[%clk 0:00:59]} Rxa5 37. Rc6
{[%clk 0:01:14]} Rxa3 {[%clk 0:05:51]} 38. Ke2 {[%clk 0:01:19]} Ra4
{[%clk 0:05:39]} 39. Kd2 {[%clk 0:01:33]} Rc4 {[%clk 0:04:52]} 40. Rxa6
{[%clk 0:01:57]} Rg4 {[%clk 0:05:08]} 41. Rc6 {[%clk 0:01:51]} Rxg2+
{[%clk 0:05:27]} 42. Kd3 {[%clk 0:02:08]} Rg5 {[%clk 0:05:40]} 43. Ra6
{[%clk 0:02:16]} h5 {[%clk 0:05:45]} 44. Ra1 {[%clk 0:02:09]} h4 {[%clk 0:05:48]}
45. Rh1 {[%clk 0:02:36]} Rh5 {[%clk 0:05:57]} 46. Rh3 {[%clk 0:02:22]} g5
{[%clk 0:06:07]} 47. Ke4 {[%clk 0:02:38]} Kg6 {[%clk 0:05:57]} 48. Kf3
{[%clk 0:02:44]} f5 {[%clk 0:05:52]} 49. Rh1 {[%clk 0:02:54]} g4+
{[%clk 0:06:14]} 50. Kf4 {[%clk 0:03:20]} h3 {[%clk 0:05:39]} 51. Kg3
{[%clk 0:03:44]} Kg5 {[%clk 0:05:41]} 52. Kh2 {[%clk 0:03:29]} Kh4
{[%clk 0:05:59]} 53. Rg1 {[%clk 0:03:28]} Rg5 {[%clk 0:06:08]} 54. Kh1
{[%clk 0:02:49]} g3 {[%clk 0:06:17]} 55. e4 {[%clk 0:02:10]} fxe4
{[%clk 0:06:33]} 56. Re1 {[%clk 0:02:19]} Rg4 {[%clk 0:06:31]} 57. Re3
{[%clk 0:02:35]} Rf4 {[%clk 0:06:35]} 58. Kg1 {[%clk 0:02:44]} h2+
{[%clk 0:06:20]} 59. Kg2 {[%clk 0:01:34]} Rf2+ {[%clk 0:06:42]} 0-1

[Event "EUCC 2023 - U12"]
[Site "Kouty nad Desnou"]
[Date "2023.08.21"]
[Round "6.10"]
[White "Novotny, Adam"]
[Black "Janouskova, Eliska"]
[Result "0-1"]
[BlackElo "1398"]
[WhiteElo "1117"]
[LiveChessVersion "1.4.8"]

1. d4 {[%clk 1:30:51]} f5 {[%clk 1:30:07]} 2. c4 {[%clk 1:29:45]} e6
{[%clk 1:30:16]} 3. Nc3 {[%clk 1:27:57]} Nf6 {[%clk 1:27:36]} 4. Nf3
{[%clk 1:25:33]} Bb4 {[%clk 1:27:44]} 5. Bd2 {[%clk 1:23:21]} Bxc3
{[%clk 1:22:22]} 6. Bxc3 {[%clk 1:22:18]} d6 {[%clk 1:21:07]} 7. e3
{[%clk 1:20:33]} b6 {[%clk 1:17:29]} 8. Bd3 {[%clk 1:15:51]} Bb7 {[%clk 1:14:09]}
9. O-O {[%clk 1:11:12]} O-O {[%clk 1:12:13]} 10. Bc2 {[%clk 1:07:21]} Nbd7
{[%clk 1:06:56]} 11. Re1 {[%clk 1:04:45]} Ne4 {[%clk 1:03:54]} 12. d5
{[%clk 1:00:10]} Nxc3 {[%clk 1:02:56]} 13. bxc3 {[%clk 1:00:18]} e5
{[%clk 1:01:01]} 14. Rb1 {[%clk 0:57:33]} h6 {[%clk 0:57:11]} 15. a4
{[%clk 0:54:43]} a5 {[%clk 0:55:50]} 16. Qe2 {[%clk 0:52:14]} Qe8
{[%clk 0:51:56]} 17. Rb2 {[%clk 0:47:57]} Qg6 {[%clk 0:46:36]} 18. Nh4
{[%clk 0:42:13]} Qg5 {[%clk 0:44:08]} 19. Nf3 {[%clk 0:41:27]} Qh5
{[%clk 0:39:19]} 20. Nd4 {[%clk 0:36:17]} Qxe2 {[%clk 0:36:53]} 21. Nxe2
{[%clk 0:36:36]} Ba6 {[%clk 0:36:22]} 22. Ng3 {[%clk 0:33:23]} g6
{[%clk 0:32:21]} 23. Bd3 {[%clk 0:30:07]} Nc5 {[%clk 0:31:21]} 24. Be2
{[%clk 0:29:20]} Nxa4 {[%clk 0:30:40]} 25. Rb3 {[%clk 0:28:36]} Nc5
{[%clk 0:29:29]} 26. Rbb1 {[%clk 0:27:46]} Rab8 {[%clk 0:26:59]} 27. h3
{[%clk 0:25:18]} Rfc8 {[%clk 0:25:08]} 28. Red1 {[%clk 0:24:30]} Na4
{[%clk 0:23:02]} 29. Rb3 {[%clk 0:22:44]} c6 {[%clk 0:21:42]} 30. dxc6
{[%clk 0:21:03]} Rxc6 {[%clk 0:21:46]} 31. Bf3 {[%clk 0:19:22]} e4
{[%clk 0:21:22]} 32. Be2 {[%clk 0:18:00]} Rd8 {[%clk 0:21:31]} 33. Rdb1
{[%clk 0:14:45]} Bxc4 {[%clk 0:19:40]} 34. Bxc4+ {[%clk 0:14:21]} Rxc4
{[%clk 0:20:01]} 35. Ne2 {[%clk 0:13:14]} Rdc8 {[%clk 0:19:29]} 36. Kh2
{[%clk 0:10:27]} Kf7 {[%clk 0:16:03]} 37. Kg3 {[%clk 0:07:05]} Kf6
{[%clk 0:14:39]} 38. Kh2 {[%clk 0:06:03]} Ke5 {[%clk 0:12:59]} 39. Kg3
{[%clk 0:04:41]} Nxc3 {[%clk 0:12:27]} 40. Nxc3 {[%clk 0:04:42]} Rxc3
{[%clk 0:12:51]} 41. Rxb6 {[%clk 0:04:29]} Ra8 {[%clk 0:12:10]} 42. Rb7
{[%clk 0:04:29]} a4 {[%clk 0:11:36]} 43. Re7+ {[%clk 0:03:48]} Kd5
{[%clk 0:09:40]} 44. Rd1+ {[%clk 0:02:07]} Rd3 {[%clk 0:09:54]} 45. Rb1
{[%clk 0:02:02]} a3 {[%clk 0:09:52]} 46. Rb5+ {[%clk 0:00:48]} Kc6
{[%clk 0:07:13]} 47. Rbb7 {[%clk 0:00:51]} a2 {[%clk 0:06:24]} 48. Rec7+
{[%clk 0:01:07]} Kd5 {[%clk 0:06:46]} 49. Rb5+ {[%clk 0:00:46]} Ke6
{[%clk 0:07:10]} 50. Rbb7 {[%clk 0:00:32]} a1=Q {[%clk 0:06:51]} 0-1

[Event "EUCC 2023 - U12"]
[Site "Kouty nad Desnou"]
[Date "2023.08.21"]
[Round "6.11"]
[White "Prochazka, Michal"]
[Black "Peglau, Lorena"]
[Result "1-0"]
[BlackElo "1178"]
[WhiteElo "1391"]
[LiveChessVersion "1.4.8"]

1. e4 {[%clk 1:30:57]} c6 {[%clk 1:30:55]} 2. Nf3 {[%clk 1:31:19]} d5
{[%clk 1:31:19]} 3. Nc3 {[%clk 1:31:28]} dxe4 {[%clk 1:31:44]} 4. Nxe4
{[%clk 1:31:48]} Bf5 {[%clk 1:32:08]} 5. Ng3 {[%clk 1:31:50]} Bg6
{[%clk 1:32:29]} 6. h4 {[%clk 1:32:03]} h6 {[%clk 1:32:37]} 7. Ne5
{[%clk 1:32:20]} Bh7 {[%clk 1:32:12]} 8. Qh5 {[%clk 1:32:20]} g6 {[%clk 1:31:24]}
9. Bc4 {[%clk 1:32:23]} e6 {[%clk 1:30:43]} 10. Qe2 {[%clk 1:31:53]} Bg7
{[%clk 1:29:14]} 11. Nxf7 {[%clk 1:30:34]} Qe7 {[%clk 1:24:51]} 12. Nxh8
{[%clk 1:29:32]} Bxh8 {[%clk 1:25:05]} 13. Qxe6 {[%clk 1:25:28]} Qxe6+
{[%clk 1:25:19]} 14. Bxe6 {[%clk 1:25:50]} Nd7 {[%clk 1:25:02]} 15. O-O
{[%clk 1:23:31]} O-O-O {[%clk 1:24:36]} 16. c3 {[%clk 1:20:55]} Ngf6
{[%clk 1:20:45]} 17. d4 {[%clk 1:20:20]} Re8 {[%clk 1:19:47]} 18. Bxd7+
{[%clk 1:17:46]} Kxd7 {[%clk 1:19:54]} 19. Bxh6 {[%clk 1:17:48]} Ng4
{[%clk 1:18:38]} 20. Bf4 {[%clk 1:15:45]} Bg8 {[%clk 1:18:25]} 21. Rfe1
{[%clk 1:14:51]} Rf8 {[%clk 1:17:26]} 22. Bg5 {[%clk 1:06:11]} Rf7
{[%clk 1:13:12]} 23. f3 {[%clk 1:05:15]} Nf6 {[%clk 1:10:59]} 24. Ne4
{[%clk 1:04:59]} b6 {[%clk 1:07:43]} 25. Nxf6+ {[%clk 1:03:44]} Bxf6
{[%clk 1:07:19]} 26. Bxf6 {[%clk 1:03:46]} Rxf6 {[%clk 1:07:45]} 27. Re5
{[%clk 1:02:35]} Kd6 {[%clk 1:06:07]} 28. b3 {[%clk 0:57:46]} b5 {[%clk 1:06:02]}
29. Rf1 {[%clk 0:52:52]} Bh7 {[%clk 1:05:16]} 30. g4 {[%clk 0:51:48]} Rf4
{[%clk 1:04:36]} 31. Kg2 {[%clk 0:51:43]} Rf7 {[%clk 1:01:45]} 32. Kg3
{[%clk 0:50:10]} Rc7 {[%clk 1:00:35]} 33. f4 {[%clk 0:46:36]} a5 {[%clk 0:58:26]}
34. h5 {[%clk 0:45:26]} gxh5 {[%clk 0:58:12]} 35. Rxh5 {[%clk 0:43:57]} Rg7
{[%clk 0:58:17]} 36. Re5 {[%clk 0:43:33]} Kd7 {[%clk 0:57:55]} 37. g5
{[%clk 0:43:33]} Bd3 {[%clk 0:57:42]} 38. Rf2 {[%clk 0:43:06]} Kd6
{[%clk 0:56:52]} 39. Kg4 {[%clk 0:43:13]} Rf7 {[%clk 0:54:42]} 40. f5
{[%clk 0:42:47]} Rh7 {[%clk 0:54:32]} 41. g6 {[%clk 0:34:33]} Rh1
{[%clk 0:54:31]} 42. Rg2 {[%clk 0:29:06]} Rh8 {[%clk 0:54:13]} 43. g7
{[%clk 0:28:39]} Rg8 {[%clk 0:54:31]} 44. Kh5 {[%clk 0:28:46]} Kd7
{[%clk 0:53:33]} 45. Kh6 {[%clk 0:28:59]} Kd6 {[%clk 0:53:07]} 46. Kh7
{[%clk 0:28:59]} Rc8 {[%clk 0:53:17]} 47. g8=Q {[%clk 0:28:23]} Rxg8
{[%clk 0:53:45]} 48. Kxg8 1-0

[Event "EUCC 2023 - U12"]
[Site "Kouty nad Desnou"]
[Date "2023.08.21"]
[Round "6.12"]
[White "Barteckova, Nikol"]
[Black "Polackova, Eva"]
[Result "1-0"]
[BlackElo "1240"]
[WhiteElo "1268"]
[LiveChessVersion "1.4.8"]

1. e4 {[%clk 1:30:58]} c6 {[%clk 1:30:56]} 2. d4 {[%clk 1:31:24]} d5
{[%clk 1:31:19]} 3. e5 {[%clk 1:31:50]} c5 {[%clk 1:31:18]} 4. dxc5
{[%clk 1:31:56]} Nc6 {[%clk 1:31:03]} 5. Nf3 {[%clk 1:25:55]} Bg4
{[%clk 1:28:52]} 6. Bf4 {[%clk 1:22:28]} e6 {[%clk 1:27:54]} 7. h3
{[%clk 1:16:03]} Bxf3 {[%clk 1:24:28]} 8. Qxf3 {[%clk 1:12:14]} Bxc5
{[%clk 1:21:07]} 9. c3 {[%clk 1:04:44]} Nge7 {[%clk 1:14:54]} 10. Nd2
{[%clk 1:00:55]} O-O {[%clk 1:11:52]} 11. Nb3 {[%clk 1:00:37]} Bb6
{[%clk 1:09:29]} 12. Bd3 {[%clk 0:59:12]} Qc7 {[%clk 1:07:42]} 13. Qe2
{[%clk 0:56:35]} Rac8 {[%clk 1:03:24]} 14. O-O {[%clk 0:56:13]} Qb8
{[%clk 1:01:39]} 15. Rfe1 {[%clk 0:54:58]} d4 {[%clk 0:59:32]} 16. Qe4
{[%clk 0:52:16]} Ng6 {[%clk 0:58:55]} 17. cxd4 {[%clk 0:51:24]} Rfd8
{[%clk 0:55:24]} 18. Be3 {[%clk 0:46:31]} a5 {[%clk 0:53:31]} 19. f4
{[%clk 0:44:04]} Qa7 {[%clk 0:52:48]} 20. Nc5 {[%clk 0:41:30]} Bxc5
{[%clk 0:52:12]} 21. dxc5 {[%clk 0:41:49]} Nb4 {[%clk 0:52:27]} 22. Bc4
{[%clk 0:40:59]} Na6 {[%clk 0:47:24]} 23. c6 {[%clk 0:40:48]} Nc5
{[%clk 0:43:13]} 24. cxb7 {[%clk 0:36:39]} Qxb7 {[%clk 0:43:11]} 25. Qxb7
{[%clk 0:36:33]} Nxb7 {[%clk 0:43:29]} 26. Bb3 {[%clk 0:34:18]} Nc5
{[%clk 0:42:06]} 27. Bxc5 {[%clk 0:31:45]} Rxc5 {[%clk 0:42:25]} 28. Rad1
{[%clk 0:31:52]} Rxd1 {[%clk 0:41:51]} 29. Rxd1 {[%clk 0:32:17]} Kf8
{[%clk 0:42:17]} 30. g3 {[%clk 0:32:32]} Rc8 {[%clk 0:42:04]} 31. Kf2
{[%clk 0:32:12]} Ne7 {[%clk 0:42:06]} 32. Kf3 {[%clk 0:31:28]} Nf5
{[%clk 0:40:48]} 33. g4 {[%clk 0:31:39]} Nh6 {[%clk 0:41:07]} 34. Ke4
{[%clk 0:31:33]} Ke7 {[%clk 0:41:20]} 35. Ba4 {[%clk 0:25:49]} Rc7
{[%clk 0:38:41]} 36. a3 {[%clk 0:25:17]} Rb7 {[%clk 0:38:47]} 37. b3
{[%clk 0:23:11]} Ng8 {[%clk 0:37:29]} 38. f5 {[%clk 0:22:35]} f6 {[%clk 0:37:05]}
39. fxe6 {[%clk 0:21:45]} Kxe6 {[%clk 0:37:21]} 40. Rd6+ {[%clk 0:21:53]} Ke7
{[%clk 0:37:28]} 41. Ra6 {[%clk 0:22:03]} fxe5 {[%clk 0:37:13]} 42. Kxe5
{[%clk 0:22:26]} Nf6 {[%clk 0:37:05]} 43. Rxa5 {[%clk 0:22:39]} Nd7+
{[%clk 0:37:15]} 44. Bxd7 {[%clk 0:22:41]} Rxd7 {[%clk 0:37:37]} 45. Rd5
{[%clk 0:23:04]} Rb7 {[%clk 0:37:55]} 46. b4 {[%clk 0:23:02]} Ra7
{[%clk 0:37:41]} 47. Rd3 {[%clk 0:22:52]} Rb7 {[%clk 0:38:03]} 48. Kd5
{[%clk 0:22:46]} Rd7+ {[%clk 0:37:55]} 49. Kc4 {[%clk 0:23:03]} Ra7
{[%clk 0:38:04]} 50. b5 {[%clk 0:23:19]} Rc7+ {[%clk 0:38:20]} 51. Kb4
{[%clk 0:23:38]} Ra7 {[%clk 0:38:22]} 52. a4 {[%clk 0:23:59]} h6 {[%clk 0:38:38]}
53. a5 {[%clk 0:24:22]} g5 {[%clk 0:39:04]} 54. b6 {[%clk 0:24:42]} Rb7
{[%clk 0:39:30]} 55. Kb5 {[%clk 0:25:04]} Ke6 {[%clk 0:39:32]} 56. a6
{[%clk 0:25:26]} Re7 {[%clk 0:39:52]} 57. Re3+ {[%clk 0:25:46]} Kd7
{[%clk 0:40:18]} 58. Rxe7+ {[%clk 0:26:07]} Kxe7 {[%clk 0:40:45]} 59. b7
{[%clk 0:26:28]} 1-0

[Event "EUCC 2023 - U12"]
[Site "Kouty nad Desnou"]
[Date "2023.08.21"]
[Round "6.13"]
[White "Levchenko, Alisa"]
[Black "Ben Ayed, Rayen"]
[Result "0-1"]
[BlackElo "1248"]
[WhiteElo "1151"]
[LiveChessVersion "1.4.8"]

1. d4 {[%clk 1:30:59]} d5 {[%clk 1:30:51]} 2. c4 {[%clk 1:31:23]} c6
{[%clk 1:31:11]} 3. e3 {[%clk 1:31:07]} e6 {[%clk 1:31:31]} 4. Nf3
{[%clk 1:31:14]} Nf6 {[%clk 1:31:39]} 5. Nc3 {[%clk 1:31:30]} Nbd7
{[%clk 1:31:44]} 6. b3 {[%clk 1:30:21]} Bb4 {[%clk 1:31:53]} 7. Bd2
{[%clk 1:28:04]} O-O {[%clk 1:26:25]} 8. a3 {[%clk 1:26:22]} Bxc3
{[%clk 1:26:23]} 9. Bxc3 {[%clk 1:26:39]} Ne4 {[%clk 1:26:34]} 10. Bb2
{[%clk 1:26:23]} a5 {[%clk 1:17:50]} 11. Bd3 {[%clk 1:23:19]} Ng5
{[%clk 1:15:57]} 12. O-O {[%clk 1:19:58]} Nxf3+ {[%clk 1:14:13]} 13. Qxf3
{[%clk 1:20:09]} Qf6 {[%clk 1:14:27]} 14. Qxf6 {[%clk 1:18:04]} Nxf6
{[%clk 1:14:48]} 15. f3 {[%clk 1:18:20]} Re8 {[%clk 1:13:34]} 16. e4
{[%clk 1:18:11]} b6 {[%clk 1:13:19]} 17. b4 {[%clk 1:13:39]} axb4
{[%clk 1:09:45]} 18. axb4 {[%clk 1:13:19]} Ba6 {[%clk 1:08:33]} 19. b5
{[%clk 1:11:06]} cxb5 {[%clk 1:08:42]} 20. cxb5 {[%clk 1:11:19]} Bb7
{[%clk 1:08:27]} 21. Rfc1 {[%clk 1:08:09]} dxe4 {[%clk 1:03:13]} 22. fxe4
{[%clk 1:04:29]} Nxe4 {[%clk 1:01:26]} 23. Bxe4 {[%clk 1:03:11]} Bxe4
{[%clk 1:01:20]} 24. Ra6 {[%clk 1:03:32]} Reb8 {[%clk 0:59:59]} 25. Ba3
{[%clk 0:49:24]} f6 {[%clk 0:53:58]} 26. Bd6 {[%clk 0:43:16]} Rc8
{[%clk 0:45:52]} 27. Rc7 {[%clk 0:37:57]} Bd3 {[%clk 0:40:00]} 28. Rxb6
{[%clk 0:37:34]} Rxc7 {[%clk 0:39:55]} 29. Bxc7 {[%clk 0:37:50]} Ra1+
{[%clk 0:39:36]} 30. Kf2 {[%clk 0:37:39]} Rb1 {[%clk 0:39:06]} 31. Rb8+
{[%clk 0:38:00]} Kf7 {[%clk 0:39:24]} 32. b6 {[%clk 0:37:56]} Kg6
{[%clk 0:38:43]} 33. Ra8 {[%clk 0:37:06]} Be4 {[%clk 0:38:50]} 34. Ra7
{[%clk 0:35:42]} Bd5 {[%clk 0:38:11]} 35. g3 {[%clk 0:34:29]} h5 {[%clk 0:36:53]}
36. h4 {[%clk 0:34:33]} Kf5 {[%clk 0:36:20]} 37. Ke3 {[%clk 0:34:06]} Rb3+
{[%clk 0:36:01]} 38. Kd2 {[%clk 0:33:49]} g5 {[%clk 0:34:59]} 39. hxg5
{[%clk 0:33:21]} fxg5 {[%clk 0:35:17]} 40. Bd8 {[%clk 0:33:40]} Rxg3
{[%clk 0:31:28]} 41. b7 {[%clk 0:33:51]} Rb3 {[%clk 0:31:48]} 42. Bc7
{[%clk 0:31:43]} Rxb7 {[%clk 0:31:59]} 43. Rxb7 {[%clk 0:31:24]} Bxb7
{[%clk 0:32:22]} 44. Ke3 {[%clk 0:31:18]} Kg4 {[%clk 0:32:31]} 45. Kf2
{[%clk 0:27:45]} Kh3 {[%clk 0:32:43]} 46. Be5 {[%clk 0:27:30]} h4
{[%clk 0:32:56]} 47. Bf6 {[%clk 0:26:49]} g4 {[%clk 0:33:05]} 48. Kg1
{[%clk 0:24:35]} g3 {[%clk 0:33:17]} 49. Be5 {[%clk 0:24:31]} Kg4
{[%clk 0:33:35]} 50. Kf1 {[%clk 0:22:42]} h3 {[%clk 0:33:55]} 51. Ke2
{[%clk 0:23:02]} h2 {[%clk 0:34:16]} 52. Kd3 {[%clk 0:23:08]} h1=Q
{[%clk 0:34:26]} 53. Kc4 {[%clk 0:22:55]} Bd5+ {[%clk 0:34:46]} 54. Kc5
{[%clk 0:23:06]} Qc1+ {[%clk 0:34:57]} 55. Kd6 {[%clk 0:23:10]} Qc6+
{[%clk 0:35:18]} 56. Ke7 {[%clk 0:22:56]} g2 {[%clk 0:35:25]} 57. Bh2
{[%clk 0:22:28]} e5 {[%clk 0:35:30]} 58. dxe5 {[%clk 0:22:36]} Qe6+
{[%clk 0:35:42]} 59. Kd8 {[%clk 0:22:42]} Qf7 {[%clk 0:35:59]} 60. Bg1
{[%clk 0:22:07]} Be6 {[%clk 0:36:05]} 61. Bd4 {[%clk 0:21:15]} Qd7#
{[%clk 0:36:03]} 0-1

[Event "EUCC 2023 - U12"]
[Site "Kouty nad Desnou"]
[Date "2023.08.21"]
[Round "6.15"]
[White "Lottiau, Nathan"]
[Black "Pop, Maria Olivia"]
[Result "1-0"]
[BlackElo "1147"]
[WhiteElo "1025"]
[LiveChessVersion "1.4.8"]

1. e4 {[%clk 1:30:58]} e5 {[%clk 1:30:55]} 2. Nf3 {[%clk 1:31:23]} Nf6
{[%clk 1:31:03]} 3. Nxe5 {[%clk 1:31:42]} d6 {[%clk 1:31:27]} 4. Nf3
{[%clk 1:32:04]} Nxe4 {[%clk 1:30:55]} 5. Qe2 {[%clk 1:31:58]} Qe7
{[%clk 1:31:15]} 6. g3 {[%clk 1:31:49]} Nc6 {[%clk 1:30:10]} 7. Bg2
{[%clk 1:31:11]} Bg4 {[%clk 1:29:26]} 8. O-O {[%clk 1:29:18]} Nf6
{[%clk 1:22:52]} 9. Qe1 {[%clk 1:27:06]} Qxe1 {[%clk 1:22:11]} 10. Rxe1+
{[%clk 1:27:21]} Be7 {[%clk 1:22:36]} 11. d3 {[%clk 1:25:01]} Bxf3
{[%clk 1:18:18]} 12. Bxf3 {[%clk 1:23:57]} Nd4 {[%clk 1:18:36]} 13. Bd1
{[%clk 1:24:17]} Kd7 {[%clk 1:17:50]} 14. Nc3 {[%clk 1:22:17]} Rhe8
{[%clk 1:17:24]} 15. Ne4 {[%clk 1:20:52]} h6 {[%clk 1:16:33]} 16. c3
{[%clk 1:18:27]} Nc6 {[%clk 1:14:22]} 17. b4 {[%clk 1:11:00]} a6 18. d4
{[%clk 1:07:41]} d5 {[%clk 1:07:05]} 19. Nxf6+ {[%clk 1:04:47]} Bxf6
{[%clk 1:07:27]} 20. Bg4+ {[%clk 1:04:09]} Kd8 {[%clk 1:07:43]} 21. Rxe8+
{[%clk 1:04:06]} Kxe8 {[%clk 1:07:58]} 22. Bf4 {[%clk 1:02:06]} Kd8
{[%clk 1:06:30]} 23. Re1 {[%clk 1:00:50]} g5 {[%clk 1:06:01]} 24. Be5
{[%clk 1:00:58]} Bxe5 {[%clk 1:06:03]} 25. dxe5 {[%clk 1:01:13]} Ke7
{[%clk 1:06:17]} 26. e6 {[%clk 1:00:02]} Kf6 {[%clk 1:02:53]} 27. exf7
{[%clk 0:59:11]} Kxf7 {[%clk 0:59:56]} 28. Be6+ {[%clk 0:59:26]} Kg7
{[%clk 1:00:20]} 29. Bxd5 {[%clk 0:59:42]} Rf8 {[%clk 0:59:06]} 30. Bxc6
{[%clk 0:59:58]} bxc6 {[%clk 0:59:09]} 31. Re7+ {[%clk 1:00:17]} Rf7
{[%clk 0:59:17]} 32. Rxf7+ {[%clk 0:59:38]} Kxf7 {[%clk 0:59:39]} 33. Kf1
{[%clk 0:59:30]} Ke6 {[%clk 1:00:02]} 34. Ke2 {[%clk 0:59:52]} Kd5
{[%clk 0:58:54]} 35. Kd3 {[%clk 1:00:10]} c5 {[%clk 0:57:55]} 36. c4+
{[%clk 0:58:41]} Kd6 {[%clk 0:58:00]} 37. b5 {[%clk 0:58:40]} a5 {[%clk 0:57:23]}
38. Ke4 {[%clk 0:58:27]} Ke6 {[%clk 0:57:02]} 39. f4 {[%clk 0:57:47]} gxf4
{[%clk 0:53:37]} 40. Kxf4 {[%clk 0:57:46]} Kf6 {[%clk 0:53:39]} 41. h4
{[%clk 0:58:09]} h5 {[%clk 0:53:39]} 42. g4 {[%clk 0:58:09]} hxg4
{[%clk 0:53:46]} 43. Kxg4 {[%clk 0:58:33]} Kg6 {[%clk 0:54:08]} 44. h5+
{[%clk 0:58:46]} Kf6 {[%clk 0:53:14]} 45. h6 {[%clk 0:59:10]} Kg6
{[%clk 0:53:40]} 46. h7 {[%clk 0:59:27]} Kxh7 {[%clk 0:54:06]} 47. Kf5
{[%clk 0:59:52]} Kg7 {[%clk 0:54:26]} 48. Ke6 {[%clk 1:00:08]} Kg6
{[%clk 0:54:35]} 49. Kd7 {[%clk 1:00:31]} Kf5 {[%clk 0:54:32]} 50. Kxc7
{[%clk 1:00:35]} Ke4 {[%clk 0:54:58]} 51. b6 {[%clk 1:00:56]} Kd3
{[%clk 0:55:24]} 52. b7 {[%clk 1:01:10]} Kxc4 {[%clk 0:55:52]} 53. b8=Q
{[%clk 1:01:27]} a4 {[%clk 0:56:10]} 54. Kc6 {[%clk 1:01:44]} a3 {[%clk 0:56:06]}
55. Qb5+ {[%clk 1:02:06]} Kd4 {[%clk 0:56:17]} 56. Qxc5+ {[%clk 1:02:27]} Ke4
{[%clk 0:55:46]} 57. Qd5+ {[%clk 1:02:49]} Kf4 {[%clk 0:55:46]} 58. Kd6
{[%clk 1:03:03]} Kg4 {[%clk 0:56:06]} 59. Ke6 {[%clk 1:03:25]} Kh4
{[%clk 0:56:03]} 60. Kf6 {[%clk 1:03:45]} Kh3 {[%clk 0:56:01]} 61. Qg5
{[%clk 1:03:21]} Kh2 {[%clk 0:56:18]} 62. Qg4 {[%clk 1:03:41]} Kh1
{[%clk 0:56:31]} 63. Kf5 {[%clk 1:04:03]} Kh2 {[%clk 0:56:55]} 64. Kf4
{[%clk 1:04:27]} Kh1 {[%clk 0:57:13]} 65. Kf3 {[%clk 1:04:52]} Kh2
{[%clk 0:57:39]} 66. Qg2# 1-0